Sports Quiz

Random Sports or MLB Quiz

MLB Team by Farm Team Quiz Stats

 Plays Quiz not verified by Sporcle

Score 0/30 Timer 06:00
0 Plays Today
Minor league team MLB team % Correct
Pawtucket Red SoxBoston Red Sox
99.3%
Scranton/Wilkes-Barre YankeesNew York Yankees
95%
Iowa CubsChicago Cubs
86.4%
Gwinnett BravesAtlanta Braves
78.8%
Colorado Springs Sky SoxColorado Rockies
74.4%
Memphis RedbirdsSt. Louis Cardinals
72.8%
Tucson PadresSan Diego Padres
72.6%
Lehigh Valley IronPigsPhiladelphia Phillies
72.5%
Durham BullsTampa Bay Rays
71.9%
Tacoma RainiersSeattle Mariners
71.3%
Omaha Storm ChasersKansas City Royals
70.3%
Sacramento River CatsOakland Athletics
67%
Columbus ClippersCleveland Indians
66.4%
Toledo Mud HensDetroit Tigers
65.9%
Norfolk TidesBaltimore Orioles
65.2%
Minor league team MLB team % Correct
Charlotte KnightsChicago White Sox
63.1%
Fresno GrizzliesSan Francisco Giants
62.9%
Louisville BatsCincinnati Reds
62.4%
Buffalo BisonsNew York Mets
62%
Round Rock ExpressTexas Rangers
61.8%
Rochester Red WingsMinnesota Twins
60.9%
Salt Lake BeesLos Angeles Angels of Anaheim
60%
Albuquerque IsotopesLos Angeles Dodgers
59%
Indianapolis IndiansPittsburgh Pirates
58.6%
New Orleans ZephyrsFlorida Marlins
57.4%
Syracuse ChiefsWashington Nationals
55.4%
Reno AcesArizona Diamondbacks
53.1%
Oklahoma City RedHawksHouston Astros
52%
Nashville SoundsMilwaukee Brewers
51%
Las Vegas 51sToronto Blue Jays
47.9%

You're not logged in!

Compare scores with friends on all Sporcle quizzes.
OR
Log In

You Might Also Like...

Show Comments

Extras

Curator's Pick May 28, 2018ReportNominate
Tags:Baseball Quiz, MLB Quiz, AAA, affiliate, farm, league, minor, team

Top Quizzes Today


Score Distribution

Your Account Isn't Verified!

In order to create a playlist on Sporcle, you need to verify the email address you used during registration. Go to your Sporcle Settings to finish the process.

Report this User

Report this user for behavior that violates our Community Guidelines.

Details: